00473nam a22001217a 4500020001600000082001200016100001700028245016700045260003700212300003200249650004000281700003000321 qHard Cover. a620.005 aArif, Bushra aAssessment of Strategic Implementation Parameters in a Banking Sector and development of a Motivation Approach to improve Change Management Process /cBushra Arif aIslamabad :bCEME - NUST,c2016. axix, 140 p. : ill. ;c30cm. aEngineering Management - MS-Thesis. aDr. Tasweer Hussain Shah.